header

Cognitive psychology/ (Record no. 256273)

MARC details
000 -LEADER
fixed length control field 00479nam a22001697a 4500
003 - CONTROL NUMBER IDENTIFIER
control field OSt
005 - DATE AND TIME OF LATEST TRANSACTION
control field 20250108163703.0
008 - FIXED-LENGTH DATA ELEMENTS--GENERAL INFORMATION
fixed length control field 170310b xxu||||| |||| 00| 0 eng d
020 ## - INTERNATIONAL STANDARD BOOK NUMBER
International Standard Book Number 0495103594
International Standard Book Number 9780495103592
040 ## - CATALOGING SOURCE
Transcribing agency RU
050 ## - LIBRARY OF CONGRESS CALL NUMBER
Classification number BF311
Item number .G65 2008
100 ## - MAIN ENTRY--PERSONAL NAME
Personal name Daniel Vanhorn
Relator term (Author)
245 ## - TITLE STATEMENT
Title Cognitive psychology/
Remainder of title Connecting mind,research and everyday experience
Statement of responsibility, etc E. Bruce Goldstein
260 ## - PUBLICATION, DISTRIBUTION, ETC. (IMPRINT)
Name of publisher, distributor, etc Thomson Wadsworth
Date of publication, distribution, etc 2008
942 ## - ADDED ENTRY ELEMENTS (KOHA)
Source of classification or shelving scheme Library of Congress Classification
Koha item type Maps
Holdings
Withdrawn status Lost status Source of classification or shelving scheme Damaged status Not for loan Collection code Home library Current library Shelving location Date acquired Total Checkouts Full call number Barcode Date last seen Price effective from Koha item type
    Library of Congress Classification     Non-fiction Rongo University Library Rongo University Library General Stacks 10/03/2017   BF311 .G65 2008 201700085 10/03/2017 10/03/2017 Maps

© 2026 Rongo University
Contact us: librarian | system librarian | Rongo university